000 02232cgm a2200505 a 4500
001 50680595
003 OCoLC
005 20260109114508.0
007 vd cgaizq
008 020926s2002 cau000 vleng d
024 1 0 _a024543054160
035 _a(Sirsi) 50680595
037 _c$59.98
040 _aJJG
_cJJG
_dSPP
_erda
041 1 _aengspa
_bengspa
043 _an-us---
049 _aSPPA
092 _a791.457
099 _aDVD
245 0 0 _a24. season one /
246 3 _aTwenty four
246 1 _iInsert title:
_a24, the complete first season
246 1 0 _a24
260 _aBeverly Hills, CA :
_bTwentieth Century Fox,
_c2002.
264 _aBeverly Hills, CA :
_bImagine Television ; produced in association with Real Time Productions ; executive producers, Brian Grazer and Tony Krantz ; created by Joel Surnow and Robert Cochran.
_c2002.
300 _a6 videodiscs (ca. 1152 min.) :
_bsd., col. ;
_c4 3/4 in.
500 _aOriginally broadcast by FOX between November 2001 and May 2002.
505 0 _aDisc 1. 12:00 am - 4:00 am -- Disc 2. 4:00 am - 8:00 am -- Disc 3. 8:00 am - 12:00 pm -- Disc 4. 12:00 pm - 4:00 pm -- Disc 5. 4:00 pm - 8:00 pm -- Disc 6. 8:00 pm - 12:00 am.
511 1 _aKiefer Sutherland, Leslie Hope, Sarah Clarke, Elisha Cuthbert, and Dennis Haysbert.
520 _aJack Bauer, head of the Los Angeles Counter Terrorist Unit, is thrust into a 24-hour marathon of death, deception, and terror as he struggles to prevent the assassination of a presidential candidate, find the traitor within his own organization, and save his kidnapped wife and daughter.
521 _aNot rated.
538 _aDVD format. Dolby digital surround.
540 _aHome use only.
650 0 _aTelevision programs
_zUnited States.
_95700096
651 0 _aLos Angeles (Calif.)
_vDrama.
_96155845
700 1 _aSutherland, Kiefer,
_d1967-
_962454
700 1 _aHope, Leslie.
_967130
700 1 _aClarke, Sarah.
_975885
700 1 _aCuthbert, Elisha.
_977463
700 1 _aHaysbert, Dennis.
_940040
710 2 _aImagine Entertainment (Firm)
_961674
710 2 _aTwentieth Century Fox Home Entertainment, Inc.
_961951
730 0 _a24 (Television program)
_968350
942 _cDVD
_2ddc
999 _c35895
_d35895